Normal view MARC view
  • Burke, Rory,

Entry Personal Name

Number of records used in: 1

001 - CONTROL NUMBER

  • control field: 85103

003 - CONTROL NUMBER IDENTIFIER

  • control field: NUST

005 - DATE AND TIME OF LATEST TRANSACTION

  • control field: 20211125112317.0

008 - FIXED-LENGTH DATA ELEMENTS

  • fixed length control field: 211125|| aca||aabn | a|a d

040 ## - CATALOGING SOURCE

  • Original cataloging agency: NUST
  • Transcribing agency: NUST

100 ## - HEADING--PERSONAL NAME

  • Personal name: Burke, Rory,
  • Dates associated with a name: 1952-

670 ## - SOURCE DATA FOUND

  • Source citation: Work cat.: (NUST)33370: Burke, Rory, 1952-, Project management :, 2003.
© 2023 Central Library, National University of Sciences and Technology. All Rights Reserved.